Welcome to CU Library Online Public Access Catalogue (OPAC)

WOMEN IN TRANSITION; (Record no. 2009)

MARC details
000 -LEADER
fixed length control field 00424nam a22001457a 4500
005 - DATE AND TIME OF LATEST TRANSACTION
control field 20241209155005.0
008 - FIXED-LENGTH DATA ELEMENTS--GENERAL INFORMATION
fixed length control field 241209b |||||||| |||| 00| 0 eng d
020 ## - INTERNATIONAL STANDARD BOOK NUMBER
International Standard Book Number 9781852511418
050 ## - LIBRARY OF CONGRESS CALL NUMBER
Classification number HQ1240
Item number CLA
100 ## - MAIN ENTRY--PERSONAL NAME
Personal name CLAY SARA
245 ## - TITLE STATEMENT
Title WOMEN IN TRANSITION;
Remainder of title A COURSE OF EXERCISES TO HELP YOU GET YOUR LIFE IN SHAPE
260 ## - PUBLICATION, DISTRIBUTION, ETC.
Place of publication, distribution, etc. GLASTONBURY
Name of publisher, distributor, etc. MERCURY BOOKS
Date of publication, distribution, etc. c1991
300 ## - PHYSICAL DESCRIPTION
Extent xii,177p;
Other physical details ill.;
942 ## - ADDED ENTRY ELEMENTS (KOHA)
Source of classification or shelving scheme Library of Congress Classification
Koha item type Books
Suppress in OPAC No
999 ## -
-- 2009
-- 2009
Holdings
Withdrawn status Lost status Source of classification or shelving scheme Damaged status Not for loan Collection Home library Current library Shelving location Date acquired Total checkouts Full call number Barcode Date last seen Copy number Price effective from Koha item type
    Library of Congress Classification     Non-fiction Undergraduate Library (Christ Temple) Undergraduate Library (Christ Temple) General stacks 12/09/2024   HQ1240 CLA ulct00000548 12/09/2024 1 12/09/2024 Books
    Library of Congress Classification     Non-fiction Undergraduate Library (Christ Temple) Undergraduate Library (Christ Temple) General stacks 12/09/2024   HQ1240 CLA ulct00000549 12/09/2024 2 12/09/2024 Books
© 2023-2024 Copyright: Central University Libraries. All Rights Reserved | Created by: Mahone Tech Office